000 00967nam a2200289 i 4500
001 7635
003 ES-MaACL
005 20250824201528.0
007 t|
008 910307s1989 sp ||||1| spa d
020 _a84-86168-45-7
080 _a002(038)
080 _a46.316.4:002
100 1 _aMartínez de Sousa, José,
_d1933-
_978033
245 1 0 _aDiccionario de bibliologia y ciencias afines /
_cJose Martinez de Sousa.
260 _aMadrid :
_bFundación Germán Sánchez Ruipérez :
_bPiramide,
_c1989.
300 _aXIV, 852 p. :
_bil. ;
_c26 cm.
490 1 _aBiblioteca del libro ;
_vS
500 _aIndices.
504 _aBibliogr.: p. 781-823.
650 1 4 _aBiblioteconomía-
_vDiccionarios.
_910555
650 1 4 _aDocumentación-
_vDiccionarios.
_911961
650 1 4 _aArchivística-
_vDiccionarios.
_99950
830 0 0 _aBiblioteca del libro
_vS
_9177916
852 _aES-MaACL
_jL-14918
_bR.118928
_z. - cart.
999 _c7635
_d7635